Countries that only include one of 'A,E,I,O,U' Quiz Stats

 Plays Quiz not verified by Sporcle

Score 0/25 Timer 08:00
0 Plays Today
Country % Correct
Japan
95.1%
Fiji
93.4%
Canada
90.2%
Yemen
87.7%
Chad
86.9%
Sweden
86.1%
Greece
83.6%
Morocco
83.6%
Panama
83.6%
Egypt
81.1%
Ghana
81.1%
Togo
80.3%
Kazakhstan
78.7%
Country % Correct
Kosovo
78.7%
Comoros
76.2%
Madagascar
75.4%
Qatar
74.6%
Rwanda
73.8%
Malta
72.1%
Bahamas
70.5%
Cyprus
66.4%
Kyrgyzstan
66.4%
Seychelles
65.6%
Myanmar
57.4%
3.3%

You're not logged in!

Compare scores with friends on all Sporcle quizzes.
OR
Log In

Show Comments

Extras

Created Feb 20, 2012ReportNominate
Tags:Country Quiz

Top Quizzes Today


Score Distribution

Your Account Isn't Verified!

In order to create a playlist on Sporcle, you need to verify the email address you used during registration. Go to your Sporcle Settings to finish the process.

Report this User

Report this user for behavior that violates our Community Guidelines.

Details: